Central Library OPAC University of Rajshahi

A theory of wit and humour / (Record no. 19962)

MARC details
000 -LEADER
fixed length control field 00644cam a22002411 4500
001 - CONTROL NUMBER
control field 19962
003 - CONTROL NUMBER IDENTIFIER
rucl marc code BD-RjUL
005 - DATE AND TIME OF LATEST TRANSACTION
control field 20211209000514.0
008 - FIXED-LENGTH DATA ELEMENTS--GENERAL INFORMATION
fixed length control field 140226s1890 enk 000 0 eng
035 ## - SYSTEM CONTROL NUMBER
System control number (BD-RjUL)20023
System control number (OCoLC)16781209
040 ## - CATALOGING SOURCE
Original cataloging agency DLC
Transcribing agency CU
Modifying agency DLC
-- BD-RjUL
Language of cataloging eng
041 ## - LANGUAGE CODE
Language code of text/sound track or separate title eng
082 04 - DEWEY DECIMAL CLASSIFICATION NUMBER
Classification number 827
Author mark and year FLT 1890
100 1# - MAIN ENTRY--PERSONAL NAME
Personal name Fleet, F. R.
9 (RLIN) 61358
245 12 - TITLE STATEMENT
Title A theory of wit and humour /
Statement of responsibility, etc. by F. R. Fleet.
260 ## - PUBLICATION, DISTRIBUTION, ETC. (IMPRINT)
Place of publication, distribution, etc. London :
Name of publisher, distributor, etc. Remington and co.,
Date of publication, distribution, etc. 1890.
300 ## - PHYSICAL DESCRIPTION
Pagination 4 p. l., 278 p. ;
Size 19 cm.
650 #0 - SUBJECT ADDED ENTRY--TOPICAL TERM
Topical term or geographic name as entry element Wit and humor.
9 (RLIN) 61359
942 ## - ADDED ENTRY ELEMENTS (KOHA)
Source of classification or shelving scheme Dewey Decimal Classification
Koha item type Books
Holdings
Lost status Source of classification or shelving scheme Damaged status Not for loan Permanent Location Current Location Shelving location Date acquired Source of acquisition Cost, normal purchase price Total Checkouts Full call number Date last seen Copy number Koha item type
  Dewey Decimal Classification   Not For Loan Central Library, University of Rajshahi Central Library, University of Rajshahi Reading Room 15/01/1963 A.H.QURISHI 0.00   827 FLT 1890 26/02/2014 C-1 Books